[Event "Open"]
[Site "Reykjavik ISL"]
[Date "2009.03.25"]
[Round "2"]
[White "Lucaroni,M"]
[Black "Galego,L"]
[Result "0-1"]
[WhiteElo "2310"]
[BlackElo "2494"]

1.e4 d6 2.d4 Nf6 3.Nc3 c6 4.f4 Qa5 5.Bd3 e5 6.Nf3 Bg4 7.Be3 Nbd7 8.O-O Be7
9.h3 exf4 10.Bxf4 Bh5 11.Qd2 Qb6 12.Bc4 Bxf3 13.Rxf3 Ne5 14.Bxe5 dxe5 15.Kh1 Qxd4
16.Qxd4 exd4 17.Ne2 Nxe4 18.Bxf7+ Kd7 19.Nxd4 Ng5 20.Rff1 Bf6 21.Bb3 Ne4
22.Rf4 Nc5 23.Rd1 Kc7 24.c3 Rhe8 25.Bc2 h6 26.b4 Ne6 27.Nxe6+ Rxe6 28.Bf5 Rd8
29.Rdf1 Re2 30.a4 Bxc3 31.Bg4 Re7 32.Rc4 Bf6 33.b5 Rd4 34.Rc2 Rxa4 35.Bf3 Re6
36.Rfc1 Ra1 37.bxc6 Rxc1+ 38.Rxc1 bxc6  0-1

[Event "Open"]
[Site "Reykjavik ISL"]
[Date "2009.03.27"]
[Round "4"]
[White "Guilleux,F"]
[Black "Galego,L"]
[Result "1-0"]
[WhiteElo "2303"]
[BlackElo "2494"]

1.e4 d6 2.d4 Nf6 3.Nc3 c6 4.f4 Qa5 5.e5 Ne4 6.Qf3 Nxc3 7.Bd2 Bf5 8.Bd3 Bxd3
9.cxd3 Qd5 10.bxc3 Qxf3 11.Nxf3 e6 12.Ke2 Nd7 13.Rhb1 b6 14.a4 Be7 15.a5 O-O
16.c4 d5 17.Bb4 Bxb4 18.Rxb4 Rfb8 19.axb6 axb6 20.Rba4 Rxa4 21.Rxa4 Rb7 22.Ra8+ Nb8
23.Nd2 h6 24.Nb3 Kh7 25.g4 Kg6 26.h3 h5 27.Ke3 hxg4 28.hxg4 Kh6 29.c5 Nd7
30.Rc8 Nb8 31.cxb6 Rxb6 32.Nc5 Kg6 33.Rf8 Na6 34.f5+ exf5 35.gxf5+ Kxf5 36.e6 Nxc5
37.e7 Rb1 38.Ke2 Rb2+ 39.Kf3 Ne6 40.e8=Q Nxd4+ 41.Ke3  1-0

[Event "TCh-AUT 2nd Bundesliga Mitte 2008-9"]
[Site "Austria AUT"]
[Date "2009.03.28"]
[Round "10"]
[White "Stevic,H"]
[Black "Sebenik,M"]
[Result "1-0"]
[WhiteElo "2588"]
[BlackElo "2485"]

1.e4 d6 2.d4 Nf6 3.Nc3 e5 4.dxe5 dxe5 5.Qxd8+ Kxd8 6.Bc4 Bb4 7.Bxf7 Rf8 8.Bb3 Nxe4
9.Ne2 Rxf2 10.a3 Ba5 11.Ng3 Nxg3 12.hxg3 Rf8 13.Bg5+ Ke8 14.O-O-O Nc6 15.Rxh7 Bg4
16.Rdh1 Kd7 17.Rxg7+ Kc8 18.Be3 Bd7 19.Rhh7 Be8 20.Be6+ Kb8 21.b4  1-0

[Event "TCh-NED 2008-9"]
[Site "Netherlands NED"]
[Date "2009.03.28"]
[Round "7"]
[White "Pruijssers,R"]
[Black "Reinderman,D"]
[Result "0-1"]
[WhiteElo "2452"]
[BlackElo "2537"]

1.e4 d6 2.d4 Nf6 3.Nc3 e5 4.Nf3 Nbd7 5.Bc4 Be7 6.O-O O-O 7.Re1 c6 8.a4 b6
9.b3 a6 10.h3 Bb7 11.Bf1 Re8 12.g3 Bf8 13.Bg2 b5 14.Ba3 exd4 15.Nb1 c5 16.Nfd2 Qc7
17.Bb2 b4 18.g4 h6 19.f4 g5  0-1

[Event "Open B"]
[Site "Zagreb CRO"]
[Date "2009.03.28"]
[Round "8"]
[White "Naglic,M"]
[Black "Basaric,S"]
[Result "1/2-1/2"]
[WhiteElo "2180"]
[BlackElo "2070"]

1.e4 d6 2.d4 Nf6 3.Nc3 Nbd7 4.Nge2 e5 5.h3 Be7 6.g4 c6 7.Bg2 O-O 8.Be3 b5
9.Ng3 b4 10.Nce2 c5 11.d5 Nb6 12.O-O Ne8 13.b3 Bg5 14.f4 exf4 15.Nxf4 Nd7
16.a3 bxa3 17.Rxa3 Ne5 18.Qd2 Nc7 19.Rfa1 Nb5 20.Ra5 Rb8 21.Nfe2 Bxe3+ 22.Qxe3 c4
23.Nf5 Bxf5 24.exf5 cxb3 25.cxb3 Re8 26.Qd2 Qb6+ 27.Kh1 Qf2 28.Rf1 Qh4 29.Kg1 Rec8
30.Ra4 h6 31.Rfa1 Rc5 32.Rf1 Rbc8 33.Ra2 Qg5 34.Rd1 R8c7 35.Qxg5 hxg5 36.Rda1 Kf8
37.Ra5  1/2-1/2

[Event "ch-SRB"]
[Site "Kragujevac SRB"]
[Date "2009.04.04"]
[Round "3"]
[White "Sarenac,I"]
[Black "Pikula,D"]
[Result "0-1"]
[WhiteElo "2320"]
[BlackElo "2568"]

1.e4 d6 2.d4 Nf6 3.Nc3 e5 4.Nf3 Nbd7 5.Bc4 Be7 6.O-O O-O 7.Re1 c6 8.a4 a5
9.h3 exd4 10.Nxd4 Nc5 11.Bf4 Be6 12.Nxe6 fxe6 13.e5 d5 14.exf6 Bxf6 15.Qg4 h5
16.Qg3 dxc4 17.Rad1 Qb6 18.Be3 Qb4 19.Qd6 Nxa4 20.Qxe6+ Kh8 21.Nxa4 Qxa4
22.Qf5 Bxb2 23.Qxh5+ Kg8 24.Qg6 Rf6 25.Qe4 Qb4 26.Bg5 Rf7 27.Bf4 a4 28.Qe6 a3
29.Kh2 Qc5 30.Be5 Qe7  0-1

[Event "FSGM April"]
[Site "Budapest HUN"]
[Date "2009.04.05"]
[Round "2"]
[White "Csirik,A"]
[Black "Gara,A"]
[Result "1-0"]
[WhiteElo "2302"]
[BlackElo "2326"]

1.e4 d6 2.d4 Nf6 3.Nc3 e5 4.Nf3 exd4 5.Nxd4 Be7 6.Be2 O-O 7.O-O Re8 8.Re1 Bf8
9.Bf1 Nbd7 10.Bg5 c6 11.a4 a5 12.Kh1 h6 13.Bh4 Ne5 14.f3 Ng6 15.Bf2 Bd7 16.Qd2 Qc7
17.Nb3 d5 18.Bd4 Bd6 19.Bxf6 gxf6 20.exd5 f5 21.dxc6 Bxc6 22.Rxe8+ Rxe8 23.Nb5 Bxb5
24.Bxb5 Ra8 25.Bd3 Bxh2 26.Bxf5 Bf4 27.Qd7 Qxd7 28.Bxd7 Ne5 29.Bb5 Rc8 30.c3 b6
31.g3 Bxg3 32.Rg1 Nxf3 33.Rxg3+ Ng5 34.c4 f5 35.Nd4 Rc5 36.Ne6 Re5 37.Nxg5 hxg5
38.Rxg5+ Kf7 39.Rg2 Kf6 40.Rd2 Re1+ 41.Kg2 Ke5 42.Kf2 Rb1 43.Bd7 f4 44.Rd5+ Kf6
45.Rf5+ Ke7 46.Bb5 Rxb2+ 47.Kf3  1-0

[Event "16th TCh-RUS HL"]
[Site "Dagomys RUS"]
[Date "2009.04.06"]
[Round "5"]
[White "Khenkin,I"]
[Black "Chernyshov,K"]
[Result "1/2-1/2"]
[WhiteElo "2630"]
[BlackElo "2540"]

1.d4 d6 2.e4 Nf6 3.Nc3 c6 4.f4 g6 5.Nf3 Bg7 6.Bd3 Bg4 7.h3 Bxf3 8.Qxf3 Qb6
9.Ne2 Nbd7 10.O-O O-O 11.a4 a5 12.Be3 Qc7 13.c3 e6 14.g4 Ne8 15.Rf2 d5 16.exd5 cxd5
17.f5 Nd6 18.Bf4  1/2-1/2

[Event "16th TCh-RUS HL"]
[Site "Dagomys RUS"]
[Date "2009.04.06"]
[Round "5"]
[White "Ulko,J"]
[Black "Kalugin,Sergey"]
[Result "1-0"]
[WhiteElo "2489"]
[BlackElo "2406"]

1.d4 d6 2.e4 Nf6 3.Nc3 e5 4.Nf3 Nbd7 5.Bc4 Be7 6.O-O O-O 7.Re1 c6 8.a4 a5
9.h3 Qc7 10.Ba2 h6 11.Be3 exd4 12.Nxd4 Nc5 13.Qf3 Nh7 14.Qg3 Kh8 15.Rad1 Ng5
16.Bf4 Be6 17.h4 Nh7 18.Nf5 Bxf5 19.exf5 Rad8 20.Rxe7 Qxe7 21.Bxd6 Rxd6 22.Qxd6 Qxd6
23.Rxd6 Nf6 24.f3 h5 25.Rd4 Kg8 26.g4 hxg4 27.fxg4 Re8 28.Kf2 Kf8 29.Kf3 Re1
30.g5 Nfd7 31.Kf2 Rh1 32.Kg2 Re1 33.h5 Re5 34.Rf4 Ke7 35.Kf3 Re1 36.Kg2 Re5
37.Bc4 g6 38.Kf2 Rxf5 39.Rxf5 gxf5 40.Bd3 Ke6 41.Bc4+ Ke7 42.Kg3 Ne5 43.Ba2 Ne6
44.Bxe6 fxe6 45.Ne2 Nc4 46.Nd4 c5 47.h6 Ne5 48.Nf3 Ng6 49.h7  1-0

[Event "16th TCh-RUS HL"]
[Site "Dagomys RUS"]
[Date "2009.04.06"]
[Round "5"]
[White "Matlakov,M"]
[Black "Pridorozhni,A"]
[Result "1/2-1/2"]
[WhiteElo "2533"]
[BlackElo "2528"]

1.e4 d6 2.d4 Nf6 3.Nc3 e5 4.Nge2 Be7 5.g3 c6 6.Bg2 Nbd7 7.a4 a5 8.O-O O-O
9.h3 Re8 10.Be3 exd4 11.Nxd4 Nc5 12.Re1 Bf8 13.Bf4 Qb6 14.b3 Qb4 15.Qd2 h6
16.g4 Bd7 17.Rad1 Rad8 18.Bg3 Bc8 19.f3 g6 20.Nde2 Ne6 21.Nc1 Nc5 22.Nd3 Nxd3
23.Qxd3 Nd7 24.Ne2 Ne5 25.Qd2 Qxd2 26.Rxd2 f5 27.exf5 gxf5 28.Nd4 fxg4 29.hxg4 Ng6
30.Rde2 Kf7 31.Rxe8 Rxe8 32.Rxe8 Kxe8 33.Be1 Nf4 34.Bf1 Bg7 35.Ne2 Nxe2+
36.Bxe2 b6 37.f4 Bd4+ 38.Kg2 Kf7 39.Kf3 Bb7 40.Bd3 Bc8 41.g5 hxg5 42.fxg5 Bd7
43.Bg3 Ke7 44.Ke4 Bc3 45.Bf2 d5+ 46.Kf4 b5 47.Bc5+ Kf7 48.Bf5 Be8 49.Ke3 bxa4
50.bxa4 Bb2 51.Kf4 Bc3 52.Bd3 Bd7 53.Ke3 Bb2 54.g6+ Kg7 55.Bd4+ Bxd4+ 56.Kxd4 c5+
57.Kxd5 Bxa4 58.Kxc5 Be8 59.c4 Kf6 60.Kd4 Kg7 61.Kc3 Kf6 62.Kd4 Bc6 63.Kc5 Bd7
64.Bb1 Be8 65.Bc2  1/2-1/2

[Event "11th European Senior Team"]
[Site "Velden AUT"]
[Date "2009.04.06"]
[Round "2"]
[White "Van Herck,M"]
[Black "Braun,Go"]
[Result "1-0"]
[WhiteElo "2182"]
[BlackElo "2318"]

1.e4 d6 2.d4 Nf6 3.Nc3 e5 4.Nf3 Nbd7 5.Bc4 Be7 6.O-O O-O 7.Re1 exd4 8.Nxd4 Ne5
9.Bf1 Re8 10.f3 c6 11.Kh1 Bf8 12.Be3 Bd7 13.a4 Qc7 14.Bg5 Be7 15.Qd2 Rad8
16.Rad1 a6 17.f4 Ng6 18.Nf5 Bxf5 19.exf5 Nf8 20.Qf2 d5 21.Qg3 Kh8 22.Rd3 N8d7
23.Qh4 Bf8 24.g4 Rxe1 25.Qxe1 Re8 26.Qh4 Ng8 27.Rh3 h6 28.Qf2 Qb6 29.Qxb6 Nxb6
30.b3 Re1 31.Kg2 d4 32.Bd8 Bc5 33.a5 Nd7 34.Na4 Be7 35.Bxe7 Nxe7 36.Rd3 c5
37.c3 Nd5 38.Kf2 Rc1 39.cxd4 Nxf4 40.Rd2 g5 41.fxg6 fxg6 42.Nxc5 Nxc5 43.dxc5 Rxc5
44.Rd8+ Kg7 45.Rd7+ Kf6 46.b4 Rc2+ 47.Kg3 g5 48.Rxb7 Nd5 49.Bxa6 Rb2 50.Bc4 Nxb4
51.a6 Rb1 52.a7 Ra1 53.Rb6+ Kg7 54.Ra6  1-0

[Event "11th European Senior Team"]
[Site "Velden AUT"]
[Date "2009.04.06"]
[Round "2"]
[White "Lyly,S"]
[Black "Macdonald Ross,M"]
[Result "1/2-1/2"]
[WhiteElo "2013"]
[BlackElo "2169"]

1.e4 d6 2.d4 Nf6 3.Nc3 c6 4.f4 Qa5 5.Bd3 e5 6.dxe5 dxe5 7.f5 Nbd7 8.Nf3 b5
9.O-O Bb7 10.Kh1 Qc7 11.Bg5 Be7 12.Qe2 O-O 13.Rad1 Rfe8 14.a4 a6 15.axb5 axb5
16.Ra1 Nc5 17.Bxf6 Bxf6 18.Qe3 Nd7 19.b3 Qb6 20.Qxb6 Nxb6 21.g4 Nd7 22.Kg2 Be7
23.Ne2 Ba3 24.Ra2 Bf8 25.Rfa1 Rxa2 26.Rxa2 Ra8 27.Rxa8 Bxa8 28.g5 Bc5 29.h4 Be3
30.Ng3 f6 31.Nf1 Bf4 32.N1h2 Kf7 33.Ng4 Bb7 34.Nf2 Ba6 35.Nd1 Nc5 36.Nf2 Ke7
37.b4 Na4 38.Nd1 Kd6 39.Nf2 Nc3 40.Bf1 Bb7 41.g6 hxg6 42.fxg6 Bc8 43.Ne1 f5
44.Bd3 fxe4 45.Nxe4+ Nxe4 46.Bxe4 Bg4  1/2-1/2

[Event "15th Festival Open A"]
[Site "Zupanja CRO"]
[Date "2009.04.06"]
[Round "3"]
[White "Zufic,M"]
[Black "Predojevic,B"]
[Result "1/2-1/2"]
[WhiteElo "2439"]
[BlackElo "2652"]

1.e4 d6 2.d4 Nf6 3.Nc3 e5 4.Nf3 Nbd7 5.Bc4 Be7 6.O-O O-O 7.Re1 a6 8.a4 b6
9.b3 Bb7 10.Bb2 c6 11.Bd3 g6 12.Qd2 Re8 13.Rad1 Qc7 14.dxe5 dxe5 15.Ne2 Bf8
16.Ng3 b5 17.axb5 cxb5 18.Qg5 Bg7 19.b4 Rac8 20.Nd2 Nb6 21.Nb3 Na4 22.Ba1 Qe7
23.Na5 Ba8 24.Rb1 Qe6 25.h3 Rc7 26.Qe3 h5 27.Nf1 Nc3 28.Bxc3 Rxc3 29.Qe2 Bf8
30.Nd2 Bd6 31.Rb2 Qe7 32.Reb1 Nd7 33.Nf3 Nb6 34.Qd2 Na4 35.Rb3 Rec8 36.Qh6 Qf6
37.Qe3 Kg7 38.Rxc3 Nxc3 39.Rb3 Qe7 40.Qb6 Nxe4 41.Qxa6 Rd8 42.Nc6 Bxc6 43.Qxc6 Nf6
44.Ng5 Bxb4 45.Qxb5 Bc5 46.Qb7 Rd7 47.Qf3 e4 48.Nxe4 Nxe4 49.Bxe4 Qf6  1/2-1/2

[Event "FSGM April"]
[Site "Budapest HUN"]
[Date "2009.04.07"]
[Round "4"]
[White "To,N"]
[Black "Gara,A"]
[Result "1-0"]
[WhiteElo "2367"]
[BlackElo "2326"]

1.e4 d6 2.d4 Nf6 3.Nc3 e5 4.Nf3 exd4 5.Nxd4 Be7 6.g3 d5 7.e5 Ng4 8.Bg2 Nxe5
9.Qe2 Nec6 10.Be3 Nxd4 11.Bxd4 O-O 12.Nxd5 Bb4+ 13.Nxb4 Qxd4 14.c3 Qd8 15.Rd1 Qe8
16.Nd5 Na6 17.Ne3 c6 18.O-O Qe5 19.Qc2 Be6 20.b3 Rfd8 21.Rd2 Rxd2 22.Qxd2 f5
23.f4 Qc7 24.Rd1 Nc5 25.Nc2 a5 26.Qe3 Qb6 27.Rd6 Bf7 28.Qd4 Re8 29.Ne3 g6
30.Bd5 Qb5 31.Bxf7+ Kxf7 32.Nc4 Ne6 33.Ne5+ Kg8 34.Rxe6 Rxe6 35.Qd8+ Kg7
36.Qd7+ Kh6 37.Qxe6 Qc5+ 38.Kg2 Qxc3 39.Qf6 Qc2+ 40.Kh3  1-0

[Event "16th TCh-RUS Premier"]
[Site "Dagomys RUS"]
[Date "2009.04.07"]
[Round "4"]
[White "Shirov,A"]
[Black "Vorobiov,E"]
[Result "1-0"]
[WhiteElo "2745"]
[BlackElo "2596"]

1.e4 d6 2.d4 Nf6 3.Nc3 e5 4.Nf3 Nbd7 5.Bc4 Be7 6.O-O O-O 7.Re1 c6 8.a4 b6
9.Ba2 a6 10.Nh4 Nxe4 11.Nxe4 Bxh4 12.dxe5 dxe5 13.Qh5 Be7 14.Bg5 Nf6 15.Qh4 h6
16.Bxh6 gxh6 17.Rad1 Ng4 18.Qh5 Qe8 19.h3 Kh7 20.hxg4 f5 21.Qxe8 Rxe8 22.Nd6 Bxd6
23.Rxd6 fxg4 24.Rxc6 Bf5 25.Rxb6 Bxc2 26.Rc1 Rec8 27.Be6  1-0

[Event "16th TCh-RUS HL"]
[Site "Dagomys RUS"]
[Date "2009.04.07"]
[Round "6"]
[White "Lintchevski,D"]
[Black "Ivanov,AA"]
[Result "1/2-1/2"]
[WhiteElo "2485"]
[BlackElo "2503"]

1.e4 d6 2.d4 Nf6 3.Nc3 e5 4.Nf3 Nbd7 5.Bc4 Be7 6.O-O O-O 7.a4 a5 8.Re1 c6
9.b3 h6 10.Ba3 Nh7 11.Ne2 Ng5 12.Nxg5 hxg5 13.c3 g6 14.Ng3 Kg7 15.Ra2 Qe8
16.Bf1 Rh8 17.Rd2  1/2-1/2

[Event "XXXII Open"]
[Site "Donostia San Sebastian ESP"]
[Date "2009.04.07"]
[Round "4"]
[White "Delchev,A"]
[Black "Markosian,D"]
[Result "1-0"]
[WhiteElo "2648"]
[BlackElo "2444"]

1.e4 d6 2.d4 Nf6 3.Nc3 e5 4.Nf3 Nbd7 5.Bc4 Be7 6.O-O O-O 7.Re1 c6 8.a4 a5
9.h3 exd4 10.Nxd4 Nc5 11.b3 Qb6 12.Ba3 Bd7 13.Qf3 Qc7 14.Rad1 Rad8 15.Qg3 b6
16.Bb2 Nh5 17.Qf3 Nf6 18.Bc1 Be6 19.Bf1 Nfd7 20.Qg3 Nb8 21.Bb2 g6 22.Nf5 Bxf5
23.exf5 Rd7 24.fxg6 hxg6 25.Ne4 Nxe4 26.Rxe4 d5 27.Qc3 f6 28.Rg4 Kf7 29.Qf3 Rdd8
30.Re1 Nd7 31.Bd3 f5 32.Rxg6  1-0

[Event "11th European Senior Team"]
[Site "Velden AUT"]
[Date "2009.04.07"]
[Round "3"]
[White "Flockhart,H"]
[Black "Perk,E"]
[Result "0-1"]
[WhiteElo "1895"]
[BlackElo "2066"]

1.e4 d6 2.d4 Nf6 3.Nc3 c6 4.Bd3 e5 5.Nge2 g6 6.O-O Bg7 7.dxe5 dxe5 8.Ng3 O-O
9.h3 b5 10.Be3 Nbd7 11.a3 Bb7 12.Qd2 Re8 13.Rad1 Qe7 14.Bh6 Bh8 15.Bg5 Nc5
16.Qe3 Ne6 17.Bh6 Bg7 18.Bxg7 Kxg7 19.Nce2 Qc5 20.Qc1 h5 21.b4 Qb6 22.c4 bxc4
23.Qxc4 h4 24.Nh1 Nh5 25.Kh2 Nhf4 26.Qc3 f6 27.Bc4 Rad8 28.Nxf4 Nxf4 29.g3 hxg3+
30.fxg3 Rh8 31.Be2 Ba6 32.Bxa6 Qxa6  0-1

[Event "V ch-South America U20"]
[Site "Cochabamba BOL"]
[Date "2009.04.09"]
[Round "3"]
[White "Gallego Alcaraz,A"]
[Black "Fernandez,Fe"]
[Result "1-0"]
[WhiteElo "2373"]
[BlackElo "2317"]

1.e4 d6 2.d4 Nf6 3.Nc3 e5 4.Nf3 Nbd7 5.Bc4 Be7 6.O-O O-O 7.Re1 c6 8.a4 b6
9.d5 cxd5 10.Nxd5 Bb7 11.b3 Rc8 12.Nxe7+ Qxe7 13.Nd2 Nc5 14.f3 Rfd8 15.Qe2 d5
16.exd5 Nxd5 17.Ne4 Ne6 18.Ba3 Qc7 19.Rad1 Ndf4 20.Qf1 Nd4 21.Nd6 Rxd6 22.Bxd6 Qxd6
23.c3 Nxf3+ 24.Qxf3 Qc7 25.Qe3 Qc6 26.Rd2 g6 27.Qxe5 Nxg2 28.Rf1 Nf4 29.Qxf4 Qh1+
30.Kf2  1-0

[Event "16th TCh-RUS Premier"]
[Site "Dagomys RUS"]
[Date "2009.04.09"]
[Round "6"]
[White "Volokitin,And"]
[Black "Vorobiov,E"]
[Result "1-0"]
[WhiteElo "2671"]
[BlackElo "2596"]

1.e4 d6 2.d4 Nf6 3.Nc3 e5 4.Nf3 Nbd7 5.Bc4 Be7 6.O-O O-O 7.a4 c6 8.Re1 b6
9.Be3 a6 10.Nh4 g6 11.Nf3 Nh5 12.Bh6 Ng7 13.Qd2 Rb8 14.Bb3 b5 15.Ne2 Qc7
16.axb5 axb5 17.Ng3 Bf6 18.c3 Nb6 19.Nf1 Re8 20.h3 Be6 21.Bc2 Nc4 22.Qc1 b4
23.Ne3 Nxe3 24.Bxe3 bxc3 25.bxc3 Ra8 26.Qd2 Bc4 27.Bg5 Qe7 28.Bxf6 Qxf6 29.Ra4 Bb5
30.Rxa8 Rxa8 31.Bb3 Rf8 32.Ra1 c5 33.Ra5 c4 34.Ba2 Rb8 35.Qb2 Qf4 36.Rxb5 Rxb5
37.Qxb5 Qc1+ 38.Kh2 Qf4+ 39.Kh1  1-0

[Event "XXXII Open"]
[Site "Donostia San Sebastian ESP"]
[Date "2009.04.09"]
[Round "7"]
[White "Suarez Pousa,D"]
[Black "Martin Alvarez,I"]
[Result "1-0"]
[WhiteElo "2431"]
[BlackElo "2236"]

1.e4 d6 2.d4 Nf6 3.Nc3 e5 4.Nf3 Nbd7 5.Bc4 Be7 6.O-O O-O 7.Re1 c6 8.a4 a5
9.h3 Nb6 10.Bf1 Nfd7 11.b3 exd4 12.Nxd4 Nc5 13.g3 d5 14.e5 Ne4 15.Nxe4 dxe4
16.Bb2 f5 17.exf6 Bxf6 18.c3 Bxd4 19.cxd4 Bf5 20.d5 Nxd5 21.Bg2 Re8 22.Qd4 Qf6
23.Qd2 Qf7 24.Bf1 e3 25.fxe3 Be4 26.Kh2 Qf3 27.Bc4 Rad8 28.Rf1 Qh5 29.Qd4 Rd7
30.Rf4 Rde7  1-0

[Event "Open"]
[Site "Lenk SUI"]
[Date "2009.04.09"]
[Round "1"]
[White "Lehmann,A"]
[Black "Bachofner,S"]
[Result "1-0"]
[WhiteElo "2273"]
[BlackElo "1967"]

1.e4 d6 2.d4 Nf6 3.Nc3 c6 4.Nf3 Nbd7 5.e5 dxe5 6.dxe5 Ng4 7.e6 fxe6 8.Ng5 Nde5
9.Qxd8+ Kxd8 10.h3 Nf6 11.f4 Ng6 12.Nf7+ Kc7 13.Nxh8 Nxh8 14.Bd2 Nf7 15.O-O-O g6
16.Bc4 Nd6 17.Bd3 b6 18.g4 Bg7 19.Rhe1 Kd7 20.Re2 c5 21.Rde1 Ke8 22.Nb5 Nd5
23.Nxd6+ exd6 24.Be4 Bb7 25.c4  1-0

[Event "11th European Senior Team"]
[Site "Velden AUT"]
[Date "2009.04.09"]
[Round "5"]
[White "Rahls,P"]
[Black "Macdonald Ross,M"]
[Result "1-0"]
[WhiteElo "2280"]
[BlackElo "2169"]

1.e4 d6 2.d4 Nf6 3.Nc3 c6 4.Nf3 Qa5 5.Bd3 e5 6.h3 Be7 7.Bd2 Qc7 8.O-O O-O
9.Ne2 Nbd7 10.c3 Re8 11.Ng3 Nf8 12.Re1 Bd7 13.Qb3 Rad8 14.Rad1 Bc8 15.c4 Ne6
16.d5 Nc5 17.Qc2 a5 18.Bf1 Bd7 19.b3 Ra8 20.Rc1 Rec8 21.Be3 Qb8 22.Qb1 cxd5
23.exd5 b5 24.Bxc5 Rxc5 25.Ng5 h6 26.N5e4 Nxe4 27.Qxe4 Bg5 28.Rcd1 g6 29.cxb5 f5
30.Qb1 Bxb5 31.Ne2 Qa7 32.g3 Rac8 33.h4 Bf6 34.b4 axb4 35.Qxb4 Qa4 36.Qxa4 Bxa4
37.Rc1 Rc2 38.a3 Kf7 39.Rb1 Ra2 40.Rb7+ Be7 41.h5 g5 42.Nd4 Kf6 43.Nxf5 Kxf5
44.Rxe7 Be8 45.f3 g4 46.f4 Rxa3 47.fxe5 Rxg3+ 48.Kf2 Rb3 49.exd6 Rc2+ 50.Kg1 Bb5
51.Bg2  1-0

[Event "47th Doeberl Cup Premier"]
[Site "Canberra AUS"]
[Date "2009.04.10"]
[Round "3"]
[White "Rathnakaran,K"]
[Black "Reinderman,D"]
[Result "1-0"]
[WhiteElo "2427"]
[BlackElo "2560"]

1.e4 d6 2.d4 Nf6 3.Nc3 e5 4.Nf3 Nbd7 5.Bc4 Be7 6.O-O O-O 7.a4 c6 8.Ba2 b6
9.Re1 a6 10.Bg5 Ng4 11.Bxe7 Qxe7 12.Ne2 Re8 13.Ng3 Nf8 14.h3 Nh6 15.Qd2 Be6
16.Bxe6 Qxe6 17.Rad1 f6 18.Re3 Nf7 19.a5 b5 20.Rc3 Rac8 21.b4 g6 22.Nh2 exd4
23.Qxd4 c5 24.bxc5 dxc5 25.Rxc5 Rxc5 26.Qxc5 Rc8 27.Qa7 Rxc2 28.Ng4 Kg7 29.Ne3 Ra2
30.Qb6 Ne5 31.Rd6 Qf7 32.Qxa6 Ra1+ 33.Kh2 Ra2 34.Kg1 Ra1+ 35.Rd1 Rxd1+ 36.Nxd1 b4
37.Ne3 b3 38.Qb5 Qa7 39.Qxb3 Qxa5 40.f4 Ned7 41.Nef5+ gxf5 42.Nxf5+ Kh8 43.Qf7 Ne6
44.Qxd7 Qb6+ 45.Kh2 Kg8 46.Nh6+  1-0

[Event "47th Doeberl Cup Premier"]
[Site "Canberra AUS"]
[Date "2009.04.11"]
[Round "6"]
[White "Fitzpatrick,A"]
[Black "Bourmistrov,D"]
[Result "0-1"]
[WhiteElo "2022"]
[BlackElo "2149"]

1.e4 d6 2.d4 Nf6 3.Nc3 c6 4.a4 Qa5 5.Bd2 Qc7 6.Bc4 b6 7.Qe2 e5 8.dxe5 dxe5
9.h3 Be7 10.Nf3 O-O 11.O-O a6 12.Be3 Nbd7 13.Ne1 Bb7 14.f4 b5 15.fxe5 Nxe5
16.Bd3 b4 17.Nd1 c5 18.Bf4 Bd6 19.Bxe5 Bxe5 20.Nf3 Rfe8 21.c3 a5 22.Qc2 c4
23.Nxe5 Qxe5 24.Be2 Bxe4 25.Qd2 Bxg2 26.Kxg2 Qxe2+ 27.Qxe2 Rxe2+ 28.Kf3 Rd2
29.Rc1 Rd3+ 30.Kg2 b3 31.Rf5 Nd5  0-1

[Event "XXXII Open"]
[Site "Donostia San Sebastian ESP"]
[Date "2009.04.11"]
[Round "9"]
[White "Alsina Leal,D"]
[Black "Cuenca Jimenez,J"]
[Result "1/2-1/2"]
[WhiteElo "2503"]
[BlackElo "2426"]

1.e4 d6 2.d4 Nf6 3.Nc3 e5 4.Nf3 Nbd7 5.Rg1 Be7 6.g4 exd4 7.Nxd4 Nc5 8.Qe2 d5
9.e5 Nfe4 10.Nxe4 Nxe4 11.c3 O-O 12.Be3 f6 13.exf6 Bxf6 14.O-O-O Bg5 15.f3 Nd6
16.f4 Bxf4 17.Bxf4 Rxf4 18.Qe5 Qf6 19.Qxd5+ Qf7 20.Qxf7+ Kxf7 21.h3 Bd7 22.Bg2 Re8
23.Bd5+ Ke7 24.Rge1+ Kd8 25.Rxe8+  1/2-1/2

[Event "Open"]
[Site "Lenk SUI"]
[Date "2009.04.11"]
[Round "4"]
[White "Duport,N SUI"]
[Black "Lehmann,Mar"]
[Result "1-0"]
[WhiteElo "2091"]
[BlackElo "2263"]

1.e4 d6 2.d4 Nf6 3.Nc3 Nbd7 4.f4 e5 5.Nf3 exd4 6.Qxd4 c6 7.Bd2 Qb6 8.O-O-O Qxd4
9.Nxd4 Nc5 10.Re1 Be7 11.e5 dxe5 12.fxe5 Ng4 13.Bc4 O-O 14.e6 f6 15.Nf5 Re8
16.Bf4 Ne5 17.Bxe5 fxe5 18.Rxe5 b6 19.Nxe7+ Rxe7 20.Rhe1 a5 21.a3 Ba6 22.Ba2 g6
23.b4 axb4 24.axb4 Nb7 25.Rd1 Rd8 26.Na4 b5 27.Rxd8+ Nxd8 28.Nc5 Bc8 29.g4 Kg7
30.g5 Nf7 31.Re3 Nxg5 32.h4 Nf7 33.Rd3 Ra7 34.exf7 Rxa2 35.f8=Q+ Kxf8 36.Rd8+ Kg7
37.Rxc8 Ra1+ 38.Kd2 Rh1 39.Rxc6 Rxh4 40.c3  1-0

[Event "11th European Senior Team"]
[Site "Velden AUT"]
[Date "2009.04.11"]
[Round "7"]
[White "Watzka,H"]
[Black "Villing,D"]
[Result "1/2-1/2"]
[WhiteElo "2324"]
[BlackElo "2179"]

1.e4 d6 2.d4 Nf6 3.Nc3 c6 4.f4 Qa5 5.Bd3 e5 6.Nf3 Bg4 7.Be3 Nbd7 8.O-O Be7
9.h3 Bh5 10.Qe1 Bxf3 11.Rxf3 O-O 12.Rf1 Rfe8 13.a3 a6 14.Rd1 Bd8  1/2-1/2

[Event "ch-SRB"]
[Site "Kragujevac SRB"]
[Date "2009.04.12"]
[Round "10"]
[White "Drazic,S"]
[Black "Ivanisevic,I"]
[Result "1/2-1/2"]
[WhiteElo "2533"]
[BlackElo "2625"]

1.e4 d6 2.d4 Nf6 3.Nc3 e5 4.dxe5 dxe5 5.Qxd8+ Kxd8 6.Bc4 Ke8 7.f3 c6 8.a4 a5
9.Nge2 Na6 10.Bd2 Nd7 11.Nc1 Nb4 12.Kd1 Nc5 13.b3 Be7 14.N3a2 Nxa2 15.Rxa2 f5
16.exf5 Bxf5 17.Ne2 Bg6 18.Re1 Kd7 19.Ng3 Bd6 20.Be3 Kc7 21.c3 Rhd8 22.Rd2 b5
23.axb5 cxb5 24.Bd5 Ra6 25.Ke2 Be7 26.Bxc5 Bxc5 27.Ne4 Be7 28.Rb1 Ra7 29.Ra1 Kb6
30.Be6 Rxd2+ 31.Kxd2 b4 32.cxb4 Bxb4+ 33.Ke2 Rc7 34.Bc4 Be8 35.Kd3 Bc6 36.Nc3 Rd7+
37.Kc2 Kc5 38.Bd3 g6 39.Rd1 Rc7 40.Be2 Kb6 41.Bc4  1/2-1/2

[Event "Open"]
[Site "Lenk SUI"]
[Date "2009.04.12"]
[Round "6"]
[White "Freuler,R"]
[Black "Meyer,B"]
[Result "0-1"]
[WhiteElo "2076"]
[BlackElo "2215"]

1.e4 d6 2.d4 Nf6 3.Nc3 Nbd7 4.Be3 e5 5.h3 c6 6.Nf3 Be7 7.Qd2 O-O 8.a4 b6
9.g4 Bb7 10.g5 Ne8 11.O-O-O Nc7 12.h4 a6 13.dxe5 d5 14.Bf4 Bb4 15.exd5 Nxd5
16.Bc4 Bxc3 17.bxc3 Qe7 18.Bxd5 Qa3+ 19.Kb1 cxd5 20.Qd4 Nc5 21.Bc1 Qxa4 22.Rhf1 Rac8
23.Bb2 a5 24.Qxa4 Nxa4 25.Nd4 Nxc3+ 26.Bxc3 Rxc3 27.Nf5 Ba6 28.Ne7+ Kh8 29.Nxd5 Rf3
30.Rfe1 Rxf2 31.Nxb6 g6 32.Kc1 Rb8 33.Rd6 Bb5 34.Red1 Kg7 35.Nd5 Be2 36.Re1 Bg4
37.Nf6 Be6 38.Rc6 Ba2  0-1

[Event "11th European Senior Team"]
[Site "Velden AUT"]
[Date "2009.04.12"]
[Round "8"]
[White "Braun,Go"]
[Black "Macdonald Ross,M"]
[Result "1/2-1/2"]
[WhiteElo "2318"]
[BlackElo "2169"]

1.e4 d6 2.d4 Nf6 3.Nc3 c6 4.f4 Qa5 5.e5 Ne4 6.Qf3 Nxc3 7.Bd2 Bf5 8.Bd3 g6
9.bxc3 Qd5 10.Qxd5 cxd5 11.Nf3 Bxd3 12.cxd3 Nc6 13.Ke2 e6 14.c4 Rd8 15.Be3 Be7
16.Rab1 Rd7 17.Rb5 dxe5 18.Nxe5 Nxe5 19.fxe5 O-O 20.c5 Rc8 21.Rhb1 b6 22.cxb6 axb6
23.Rxb6 Kg7 24.Rb7 Rxb7 25.Rxb7 Bd8 26.Rd7 h6 27.a4 Ra8 28.Bf2 Bg5 29.h4 Bc1
30.Rc7 Ba3 31.Rc2 Rxa4 32.Ra2 Ra7 33.Kd1 Bc5 34.Rxa7  1/2-1/2

[Event "11th European Senior Team"]
[Site "Velden AUT"]
[Date "2009.04.12"]
[Round "8"]
[White "Feller,J"]
[Black "Micheli,C"]
[Result "1/2-1/2"]
[WhiteElo "2214"]
[BlackElo "2302"]

1.e4 d6 2.d4 Nf6 3.Nc3 c6 4.Nf3 Bg4 5.Be2 e6 6.O-O d5 7.e5 Nfd7 8.Ne1 Bxe2
9.Nxe2 c5 10.c3 Nc6 11.f4 g6 12.Nf3 Be7 13.Be3 Qb6 14.Qb3 Qa6 15.Qc2 b6 16.g4 h5
17.h3 O-O-O 18.g5 Kb8 19.a4 Rc8 20.Nc1 Rc7 21.Qd2 Rhc8 22.Qe2 Qxe2 23.Nxe2 Rb7
24.Ra2 Na5 25.Nd2 Ka8 26.Rb1 c4 27.Kf2 Nb8 28.b4 cxb3 29.Nxb3 Nc4 30.Nd2 Na5
31.Ke1 Nbc6 32.Kd1 a6 33.Nc1 Ka7 34.Rc2 Nc4 35.Nxc4 dxc4 36.Rcb2 Rd8 37.Ke2 Rd5
38.Na2 b5 39.axb5 axb5 40.Kf2 Ba3 41.Rc2 Kb6 42.Nc1 Ra7 43.Ne2 Be7 44.Ng1 Ra5
45.Nf3 Ka6 46.Nd2 Bd8 47.Ne4 Bb6 48.Nd6 Nd8 49.Rcb2 Bc7 50.Ne4 Nb7 51.Nd2 Nd8  1/2-1/2

[Event "11th European Senior Team"]
[Site "Velden AUT"]
[Date "2009.04.13"]
[Round "9"]
[White "Nussbaumer,Jos"]
[Black "Perk,E"]
[Result "0-1"]
[WhiteElo "2070"]
[BlackElo "2066"]

1.e4 d6 2.d4 Nf6 3.Nc3 c6 4.a4 Nbd7 5.f4 g6 6.Nf3 Bg7 7.Bd3 O-O 8.O-O e5
9.fxe5 dxe5 10.d5 Qe7 11.Qe1 Qd6 12.b4 cxd5 13.Nb5 Qb6+ 14.Be3 d4 15.Bd2 Ne8
16.a5 Qe6 17.Ng5 Qc6 18.Na3 Nd6 19.b5 Qc7 20.Bb4 Nc5 21.Rb1 h6 22.Nf3 Be6
23.Bd2 Qe7 24.Qe2 Rfc8 25.h3 Nxd3 26.cxd3 b6 27.axb6 axb6 28.Bb4 Qd7 29.Bxd6 Qxd6
30.Nc4 Bxc4 31.dxc4 d3 32.Rfd1 Qc5+ 33.Qf2 Qxc4 34.Nd2 Qc5 35.Qxc5 Rxc5 36.Rb3 h5
37.Nf3 Rd8 38.Rbxd3 Rxd3 39.Rxd3 Rxb5 40.Rd8+ Kh7 41.Ng5+ Kh6 42.Nxf7+ Kh7
43.Ng5+ Kh6 44.Nf7+ Kh7 45.h4 Rb4 46.Ng5+ Kh6 47.Rd6 b5 48.Re6 Rc4 49.Kh2 b4
50.Rb6 Rd4 51.Rb7 Rc4 52.Kh3 Rc3+ 53.g3 b3 54.Kg2 Re3 55.Kf2 Rc3 56.Ne6 Bf6
57.Nf8 Bg7 58.Ne6 Bf6 59.Rb6 Rc2+ 60.Kf3 b2 61.Nf8 Kg7 62.Nd7 Bd8 63.Rb5 Bc7
64.Rb7 Kh8 65.Nf6 Rc6 66.Rxb2 Rxf6+ 67.Kg2 Bb6 68.Rc2 Kg7 69.Rb2 Kf7 70.Re2 Ke7
71.Rd2 Bd4 72.Ra2 Kd7 73.Rc2 Ra6 74.g4 Ra1 75.gxh5 gxh5 76.Re2 Rg1+ 77.Kh2 Rg4
78.Kh3 Kc6 79.Rc2+ Bc5 80.Re2 Kb5 81.Re1 Kc4 82.Rf1 Be7 83.Rf5 Rxh4+ 84.Kg3 Kd4
85.Rf7 Rg4+ 86.Kf3 Bd6 87.Rf5 Rf4+ 88.Rxf4  0-1